000 00768nam a2200229Ii 4500
003 JO-AjNU
008 230605s9999||||xx |||||||||||||| ||und||
017 _a1978/3533
040 _aJO-AjNU
_bara
_erda
_cJO-AjNU
041 _aara
050 1 4 _aHQ734 1986
100 3 _aتأليف ابراهيم، زكريا,
_eauthor
_938823
245 0 0 _aالزواج والاستقرار النفسي
250 _aط3
264 3 1 _aالقاهرة: مكتبة مصر، 1986
300 _a128ص
_bيحتوي ببلوغرافية من ص 126-128ص
336 _atext
_btxt
_2rdacontent
337 _aunmediated
_bn
_2rdamedia
338 _avolume
_bnc
_2rdacarrier
490 0 _aالثقافة السيكولوجية
650 4 _aالزواج -جوانب نفسية
_938824
999 _aA16343
_c19911
_d19911